| 000 | 00450pab a2200181 454500 | ||
|---|---|---|---|
| 008 | 180718b2006 xxu||||| |||| 00| 0 eng d | ||
| 100 | _aDhameja, Neelam | ||
| 245 | _aWomen empowerment through education: role of universities | ||
| 260 | _c2006 | ||
| 300 | _ap.12-15. | ||
| 362 | _a3 Jul | ||
| 650 | _aUniversities | ||
| 650 | _aEducation | ||
| 650 | _aWomen | ||
| 700 | _aPanda, Sushanta Kumar | ||
| 773 | _aUniversity News | ||
| 909 | _a70365 | ||
| 999 |
_c70365 _d70365 |
||